<?xml version="1.0" encoding="UTF-8"?><marc:collection xmlns:marc="http://www.loc.gov/MARC21/slim">
  <marc:record>
    <marc:leader>00000nam##2200000za#4500</marc:leader>
    <marc:controlfield tag="001">9.678581</marc:controlfield>
    <marc:controlfield tag="003">CaOODSP</marc:controlfield>
    <marc:controlfield tag="005">20210615132333</marc:controlfield>
    <marc:controlfield tag="007">ta</marc:controlfield>
    <marc:controlfield tag="008">150407|1993||||xxc|||||     f|0| 0 fre|d</marc:controlfield>
    <marc:datafield tag="020" ind1=" " ind2=" ">
      <marc:subfield code="a">0-662-98429-3</marc:subfield>
    </marc:datafield>
    <marc:datafield tag="040" ind1=" " ind2=" ">
      <marc:subfield code="a">CaOODSP</marc:subfield>
      <marc:subfield code="b">fre</marc:subfield>
    </marc:datafield>
    <marc:datafield tag="043" ind1=" " ind2=" ">
      <marc:subfield code="a">n-cn---</marc:subfield>
    </marc:datafield>
    <marc:datafield tag="086" ind1="1" ind2=" ">
      <marc:subfield code="a">R32-134/1993F</marc:subfield>
    </marc:datafield>
    <marc:datafield tag="110" ind1="1" ind2=" ">
      <marc:subfield code="a">Canada.</marc:subfield>
      <marc:subfield code="b">Affaires indiennes et du Nord.</marc:subfield>
    </marc:datafield>
    <marc:datafield tag="245" ind1="1" ind2="0">
      <marc:subfield code="a">L'accord entre les Inuit de la région du Nunavut et Sa Majesté la Reine du chef du Canada </marc:subfield>
    </marc:datafield>
    <marc:datafield tag="260" ind1=" " ind2=" ">
      <marc:subfield code="a">Ottawa - Ontario : </marc:subfield>
      <marc:subfield code="b">Affaires indiennes et du Nord </marc:subfield>
      <marc:subfield code="c">1993.</marc:subfield>
    </marc:datafield>
    <marc:datafield tag="300" ind1=" " ind2=" ">
      <marc:subfield code="a">xi, 298p. : </marc:subfield>
      <marc:subfield code="b">tableaux ; </marc:subfield>
      <marc:subfield code="c">28 cm.</marc:subfield>
    </marc:datafield>
    <marc:datafield tag="500" ind1=" " ind2=" ">
      <marc:subfield code="a">Sommaire: Définitions.--Dispositions générales.--Région du Nunavut.--Évolution politique du Nunavut.--Ressources fauniques.--Indemnités relatives aux ressources fauniques.--Camps éloignés.--Parcs.--Aires de conservation.--Institutions de gestion des terres et des ressources.--Aménagement du territoire.--Répercussions des activités de développement.--Gestion des eaux.--Terres municipales.--Zones marines.--Zones de banquise côtière externe - côte est de l'Île de Baffin.--Objet des terres Inuit.--Principes guidant la détermination des terres Inuit.--Titre relatif aux terres Inuit.--Droits des Inuit relatifs à l'eau.--Entrée et accès.--Imposition foncière.--Embauchage des Inuit au sein du gouvernement.--Marchés de l'état.--Partage des redevances liées à l'exploitation des ressources.--Ententes sur les répercussions et les avantages pour les inuit.--Mise en valeur des ressources naturelles.--Ententes sur l'énergie et les minéraux du Nord.--Transfert de fonds.--Fiscalité générale.--La fiducie du Nunavut.--Conseil du développement social du Nunavut.--Archéologie.--Objets ethnographiques et documents d'archives.--Inscription.--Ratification.--Mise en oeuvre.--Arbitrage.--Organisations Inuit.--Autres peuples autochtones.--Terres situées au Contwoyto Lake.--Manitoba et zone marine de l'est du Manitoba.--Page de signature.</marc:subfield>
    </marc:datafield>
    <marc:datafield tag="563" ind1=" " ind2=" ">
      <marc:subfield code="a">Couverture souple</marc:subfield>
    </marc:datafield>
    <marc:datafield tag="691" ind1="0" ind2="7">
      <marc:subfield code="a">Revendication territoriale</marc:subfield>
      <marc:subfield code="2">gcpds</marc:subfield>
    </marc:datafield>
    <marc:datafield tag="691" ind1="0" ind2="7">
      <marc:subfield code="a">Inuit</marc:subfield>
      <marc:subfield code="2">gcpds</marc:subfield>
    </marc:datafield>
    <marc:datafield tag="775" ind1="0" ind2="8">
      <marc:subfield code="t">The agreement between the Inuit of the Nunavut Settlement Area and Her Majesty the Queen in right of Canada </marc:subfield>
      <marc:subfield code="w">(CaOODSP)9.644783</marc:subfield>
    </marc:datafield>
    <marc:datafield tag="776" ind1="0" ind2="#">
      <marc:subfield code="t">Accord entre les Inuit de la région du Nunavut et Sa Majesté la Reine du chef du Canada </marc:subfield>
      <marc:subfield code="w">(CaOODSP)9.640423</marc:subfield>
    </marc:datafield>
    <marc:datafield tag="986" ind1=" " ind2=" ">
      <marc:subfield code="a">QS-8484-000-FF-A1</marc:subfield>
    </marc:datafield>
  </marc:record>
</marc:collection>
